000 00887nam a2200205Ia 4500
999 _c39501
_d39501
001 6097
003 GE_BSU
005 20190920103206.0
008 181216s1967||||ge |||||||||||||| ||geo||
040 _cGE_BSU
041 _ageo
080 _a821.353.1-32 ა-87
100 _aასათიანი, მამია
_94148
245 _aმოთხრობები /
_cასათიანი, მამია ; კონსტანტინე ლორთქიფანიძის და სხვ. რედაქციით.
264 _aთბილისი :
_bლიტერატურა და ხელოვნება ;
_c1967.
300 _a92 გვ. ;
_c17 სმ.
653 _aმოთხრობები
700 _aლორთქიფანიძის, კონსტანტინე
_eრედაქტორი
_94159
942 _cBK
_2udc